[Event "Teplice Open 2019"]
[Site "Teplice"]
[Date "2019.06.23"]
[Round "9.7"]
[White "Lagarde, Maxime"]
[Black "Dragnev, Valentin"]
[Result "1/2-1/2"]
[WhiteElo "2599"]
[BlackElo "2521"]
[Annotator "TA"]
[PlyCount "197"]
[EventDate "2019.06.15"]
[EventType "swiss"]
[EventCountry "CZE"]
[SourceTitle "playchess.com"]
[Source "ChessBase"]
[SourceQuality "1"]

{[%evp 21,197,24,31,27,24,25,16,25,34,22,29,22,11,14,34,0,0,0,0,0,0,0,0,0,0,0,0,0,0,0,0,0,0,0,0,-23,-13,-91,-84,-179,-40,-72,0,0,0,-14,-11,-13,0,0,0,0,8,8,8,8,8,8,8,8,8,8,8,8,8,0,0,0,8,0,0,0,6,8,33,0,14,14,14,8,87,87,87,63,63,63,63,63,81,81,114,114,114,114,114,114,114,89,114,114,114,114,114,114,114,81,89,89,114,89,114,114,114,89,114,114,114,114,114,89,89,67,114,114,114,114,114,89,96,96,114,114,114,114,114,65,70,81,107,70,70,8,107,8,70,70,70,70,70,96,107,8,8,8,114,8,8,0,0,0,0,0,0,0,0,0,0,0,0,0,0,0,0,0,8,0,0,-8]} 1. e4 e5 2. Nf3 Nc6 3. Bb5 a6 4. Ba4 Nf6 5. O-O Nxe4 6. d4 b5 7. Bb3 d5 8. dxe5 Be6 9. Nbd2 Nc5 10. c3 Be7 11. Bc2 d4 12. Nb3 {[%cal Rb3d4] C83: Open Ruy Lopez: 9 c3 Be7} d3 13. Bb1 Nxb3 14. axb3 Bf5 {[#]} 15. Be3 $146 ({Predecessor:} 15. Re1 O-O 16. Be3 Qd5 {½-½ (70) Wei,Y (2706)-So,W (2773) Wijk aan Zee 2016}) 15... O-O 16. Bd4 Qd5 17. Re1 Rfd8 18. Re3 Nxd4 19. cxd4 c5 20. Bxd3 cxd4 21. Re2 Qe6 22. Rd2 Bxd3 23. Rxd3 Bc5 24. Qd2 Rd5 25. b4 Ba7 26. Re1 ({But not} 26. Nxd4 $2 Qd7 $19) 26... h6 27. Qf4 Rc8 28. h4 ({Wrong is} 28. Nxd4 $2 Qd7 $19) 28... Rc4 29. h5 (29. b3 $11 Rxb4 30. Ra1) 29... Rxb4 $17 30. Qe4 (30. Re2 $17) 30... Bb8 (30... Rxb2 $19 {...a5 is the strong threat.} 31. Nxd4 Rb4) 31. g4 $15 Rc4 (31... a5 $17 32. Re2 Rc4) 32. b3 $11 Rcc5 {[%cal Rd5e5] White must now prevent ...Rxe5.} 33. Rxd4 Rxd4 34. Qxd4 Qd5 35. Qxd5 Rxd5 {[%mdl 4096] Endgame KRB-KRN} 36. e6 {e7 would kill now.} fxe6 37. Rxe6 Bd6 38. Re8+ Kf7 39. Ra8 Rd3 40. Kg2 Rxb3 41. Rxa6 Rd3 42. Rb6 Rd5 43. Nh4 b4 44. Nf5 Bf8 45. Kf3 Rd2 46. Rb7+ Kf6 47. Ke3 Rb2 48. f4 b3 49. Ng3 Ke6 50. Ne4 {Hoping for Kd4.} Rh2 (50... Kd5 $11) 51. Kd4 $16 {[%csl Gg4][%cal Rf4f5]} Be7 52. Rb6+ Kf7 53. Rxb3 Rg2 54. Rg3 Rxg3 55. Nxg3 $14 {KB-KN} Ke6 56. Nf5 Bf6+ 57. Ke4 Bb2 58. Nh4 Bc1 59. Ng6 Bd2 60. Ne5 Bc3 61. Nd3 Bd2 62. Nc5+ Kf6 63. Nb3 Be1 64. Nd4 Bd2 65. Ne2 Ke6 66. Kd3 Ba5 67. Kd4 Bd2 68. Ke4 Kf6 69. Nd4 Bc1 70. Nb3 Bb2 71. Kd5 Bc3 72. Nc5 {Strongly threatening Ne4+.} Bb2 73. Ne4+ Kf7 74. Kd6 Bd4 75. Ng3 Kf6 76. Nf5 Bb2 77. Ne3 Ba3+ 78. Kd7 Kf7 79. Nc4 Bc1 80. Ne5+ Kf6 81. Nd3 (81. Ng6 $1 $14) 81... Ba3 {[#]} (81... Be3 $11 {keeps the balance.}) 82. Ke8 (82. Nf2 $1 $16) 82... Bd6 (82... g6 $1 $11) 83. Ne5 $1 {[%cal Re5d7] And now Nd7+ would win.} Ke6 $1 84. Ng6 $1 {[%cal Rg6f8] Threatens to win with Nf8+.} Kf6 $1 85. Kd7 Ba3 86. Nh4 ({Better is} 86. Kc7 $16) 86... Bc1 $11 87. Ng2 Bd2 {[#]} (87... g6 $1 $11 {remains equal.}) 88. Ke8 (88. Kd6 $1 $16) 88... Bb4 {The position is equal.} 89. Ne3 {aiming for Nd5+.} Bd6 90. f5 Ba3 91. Nd5+ Kg5 92. Kf7 Kxg4 93. Kg6 Bb2 94. Ne3+ Kf4 95. Nc4 Ba1 96. Nd6 $1 Kg4 97. Ne8 Be5 98. f6 Bxf6 99. Nd6 {Accuracy: White = 51%, Black = 65%.} 1/2-1/2

[Event "Teplice Open 2019"]
[Site "Teplice"]
[Date "2019.06.23"]
[Round "9.8"]
[White "Ali Marandi, Cemil Can"]
[Black "Epishin, Vladimir"]
[Result "1-0"]
[WhiteElo "2520"]
[BlackElo "2564"]
[Annotator "ChessBase"]
[PlyCount "73"]
[EventDate "2019.06.15"]
[EventType "swiss"]
[EventCountry "CZE"]
[SourceTitle "playchess.com"]
[Source "ChessBase"]
[SourceQuality "1"]
[TimeControl "40/5400+30:1800+30"]

1. d4 {[%emt 0:00:56]} d5 {[%emt 0:03:47]} 2. Bf4 {[%emt 0:00:31]} Nd7 {[%emt 0:01:52]} 3. e3 {[%emt 0:02:36]} e6 {[%emt 0:00:27]} 4. Nf3 {[%emt 0:03:00]} Bd6 {[%emt 0:00:25]} 5. Bg3 {[%emt 0:00:22]} Ne7 {[%emt 0:01:44]} 6. Bd3 {[%emt 0:00:43]} O-O {[%emt 0:00:27]} 7. Nbd2 {[%emt 0:03:56]} b6 {[%emt 0:01:48]} 8. e4 {[%emt 0:00:32]} dxe4 {[%emt 0:02:07]} 9. Nxe4 {[%emt 0:01:52]} Nf5 {[%emt 0:00:04]} 10. Qe2 {[%emt 0:05:53]} Bb7 {[%emt 0:03:45]} 11. O-O-O {[%emt 0:00:24]} Re8 {[%emt 0:02:30]} 12. Be5 {[%emt 0:02:53]} f6 {[%emt 0:03:52]} 13. Bxd6 {[%emt 0:19:46]} Nxd6 {[%emt 0:04:09]} 14. h4 {[%emt 0:03:43]} Nf8 {[%emt 0:01:23]} 15. Nc3 {[%emt 0:04:46]} Qd7 {[%emt 0:02:24]} 16. h5 {[%emt 0:07:30]} h6 {[%emt 0:00:49]} 17. Ne5 {[%emt 0:00:59]} Qd8 {[%emt 0:06:50]} 18. Ng6 {[%emt 0:01:56]} f5 {[%emt 0:06:12]} 19. Ne5 {[%emt 0:03:20]} Qg5+ {[%emt 0:01:32]} 20. Kb1 {[%emt 0:00:02]} Rad8 {[%emt 0:00:13]} 21. Rhg1 {[%emt 0:01:24]} Nf7 {[%emt 0:06:01]} 22. Nxf7 {[%emt 0:04:59]} Kxf7 {[%emt 0:00:09]} 23. g4 {[%emt 0:00:14]} Qf4 {[%emt 0:03:47]} 24. Rg3 {[%emt 0:02:07]} Nh7 {[%emt 0:03:17]} 25. Bb5 {[%emt 0:03:47]} c6 {[%emt 0:03:28]} 26. Bc4 {[%emt 0:00:18]} Ng5 {[%emt 0:00:52]} 27. gxf5 {[%emt 0:00:17]} b5 {[%emt 0:02:36]} 28. fxe6+ {[%emt 0:00:56]} Ke7 {[%emt 0:00:04]} 29. Bb3 {[%emt 0:00:49]} Rf8 {[%emt 0:00:28]} 30. Rg4 {[%emt 0:04:03]} Qh2 {[%emt 0:00:21]} 31. Ne4 {[%emt 0:02:29]} Rf5 {[%emt 0:00:02]} 32. Ng3 {[%emt 0:00:39]} Rdf8 {[%emt 0:03:18]} 33. Nxf5+ {[%emt 0:01:53]} Rxf5 {[%emt 0:01:00]} 34. d5 {[%emt 0:01:06]} cxd5 {[%emt 0:00:35]} 35. Qxb5 {[%emt 0:00:16]} Qc7 {[%emt 0:00:02]} 36. Qb4+ {[%emt 0:00:36]} Kxe6 {[%emt 0:00:07]} 37. f4 {[%emt 0:00:12]} 1-0

[Event "Teplice Open 2019"]
[Site "Teplice"]
[Date "2019.06.23"]
[Round "9.9"]
[White "Dastan, Muhammed Batuhan"]
[Black "Siddharth, Jagadeesh"]
[Result "1-0"]
[WhiteElo "2561"]
[BlackElo "2416"]
[Annotator "ChessBase"]
[PlyCount "46"]
[EventDate "2019.06.15"]
[EventType "swiss"]
[EventCountry "CZE"]
[SourceTitle "playchess.com"]
[Source "ChessBase"]
[SourceQuality "1"]
[TimeControl "40/5400+30:1800+30"]

1. d4 {[%emt 0:00:00]} Nf6 {[%emt 0:00:00]} 2. Nf3 {[%emt 0:00:00]} e6 {[%emt 0:00:00]} 3. Bf4 {[%emt 0:00:00]} c5 {[%emt 0:00:00]} 4. e3 {[%emt 0:00:00]} d5 {[%emt 0:00:05]} 5. c3 {[%emt 0:00:20]} Bd6 {[%emt 0:00:14]} 6. Bg3 {[%emt 0:02:57]} O-O {[%emt 0:00:18]} 7. Nbd2 {[%emt 0:00:15]} b6 {[%emt 0:00:48]} 8. Bd3 {[%emt 0:12:00]} Bb7 {[%emt 0:00:39]} 9. Ne5 {[%emt 0:24:45]} Nc6 {[%emt 0:00:06]} 10. f4 {[%emt 0:01:18]} Ne7 {[%emt 0:00:11]} 11. Qb1 {[%emt 0:00:05]} c4 {[%emt 0:27:23]} 12. Bc2 {[%emt 0:00:52]} g6 {[%emt 0:08:32]} 13. Bf2 {[%emt 0:13:48]} b5 {[%emt 0:01:59]} 14. a3 {[%emt 0:00:22]} a5 {[%emt 0:00:48]} 15. Qd1 {[%emt 0:03:14]} Ne8 {[%emt 0:11:19]} 16. h4 {[%emt 0:12:41]} f6 {[%emt 0:02:23]} 17. h5 {[%emt 0:01:21]} fxe5 {[%emt 0:02:38]} 18. fxe5 {[%emt 0:00:27]} Bc7 {[%emt 0:02:55]} 19. hxg6 {[%emt 0:01:35]} hxg6 {[%emt 0:03:00]} 20. Qg4 {[%emt 0:07:44]} Rxf2 {[%emt 0:02:03]} 21. Kxf2 {[%emt 0:03:44]} Ng7 {[%emt 0:00:23]} 22. Ke2 {[%emt 0:01:19]} Kf7 {[%emt 0:05:12]} 23. Bxg6+ {[%emt 0:02:55]} Kg8 {[%emt 0:02:04]} 1-0

[Event "Teplice Open 2019"]
[Site "Teplice"]
[Date "2019.06.23"]
[Round "9.10"]
[White "Hracek, Zbynek"]
[Black "Salomon, Johan"]
[Result "1/2-1/2"]
[WhiteElo "2582"]
[BlackElo "2509"]
[Annotator "TA"]
[PlyCount "79"]
[EventDate "2019.06.15"]
[EventType "swiss"]
[EventCountry "CZE"]
[SourceTitle "playchess.com"]
[Source "ChessBase"]
[SourceQuality "1"]

{[%evp 9,79,-7,0,0,0,-7,0,0,12,6,8,-12,0,-11,0,0,0,0,9,0,0,0,0,0,0,0,7,-8,-16,-12,-10,-19,0,0,0,0,0,0,0,0,0,0,0,0,17,0,17,8,17,10,29,38,85,0,26,0,37,0,35,14,46,43,33,30,80,25,108,0,18,0,22,-11]} 1. e4 e5 2. Nf3 Nc6 3. Bb5 Nf6 4. d3 Bc5 5. Nc3 {[%cal Bb1c3,Bc3e2,Be2g3,Bg3f5][%mdl 32]} O-O 6. Bxc6 {C48: Four Knights: 4 Bb5, replies other than 4...Bb4} dxc6 7. Be3 Bd6 8. h3 Nd7 9. Ne2 Re8 10. g4 Bb4+ $146 ({Predecessor:} 10... Nc5 11. Ng3 Ne6 12. Nf5 c5 13. h4 a5 {1-0 (39) Caruana,F (2799)-Anand,V (2782) London 2017}) 11. Kf1 Nf8 12. Ng3 a5 {[%cal Ba7a5,Ba5a4,Ba4a3][%mdl 32]} 13. Nf5 a4 14. h4 a3 15. b3 Bc3 16. Rb1 Ne6 17. h5 c5 18. Bd2 Bxd2 19. Qxd2 f6 20. Qe3 h6 21. N3h4 Qd7 22. Ng6 b6 23. Kg2 Bb7 24. f3 Kh7 25. Rbd1 {[%cal Bb1d1,Bd1d2,Bd2f2][%mdl 32]} Red8 26. Rd2 Qe8 27. Kg3 Rd7 28. Rhd1 Rad8 29. Rf2 Ra8 30. Re1 Ng5 31. Rd1 (31. f4 $16 exf4+ 32. Qxf4) 31... Qf7 32. Qc1 Bc6 33. Qe3 Bb7 34. Rdf1 Ne6 35. f4 exf4+ 36. Nxf4 Re8 37. Nxe6 ({White should play} 37. Nxh6 $16 gxh6 38. Ng6) 37... Qxe6 {[#]} (37... Rxe6 $11 {keeps the balance.} 38. Qc1 Rd8) 38. Qc1 (38. Nxh6 $1 $16 {Hoping for Nf5.} Qe5+ 39. Kh3) 38... Qe5+ 39. Kh3 Qc3 40. Kh2 {Accuracy: White = 42%, Black = 44%.} 1/2-1/2

[Event "Teplice Open 2019"]
[Site "Teplice"]
[Date "2019.06.23"]
[Round "9.11"]
[White "Cawdery, Daniel"]
[Black "Babula, Vlastimil"]
[Result "0-1"]
[WhiteElo "2428"]
[BlackElo "2550"]
[Annotator "RC"]
[PlyCount "74"]
[EventDate "2019.06.15"]
[EventType "swiss"]
[EventCountry "CZE"]
[SourceTitle "playchess.com"]
[Source "ChessBase"]
[SourceQuality "1"]
[TimeControl "40/5400+30:1800+30"]

1. e4 {[%emt 0:00:00]} c5 {[%emt 0:00:00]} 2. Nf3 {[%emt 0:00:00]} e6 {[%emt 0:00:00]} 3. d4 {[%emt 0:00:00]} cxd4 {[%emt 0:00:00]} 4. Nxd4 {[%emt 0:00:00]} a6 {[%emt 0:00:18]} 5. Bd3 {[%emt 0:00:02]} Bc5 {[%emt 0:00:29]} 6. Nb3 {[%emt 0:00:06]} Be7 {[%emt 0:00:10]} 7. Qg4 {[%emt 0:00:36]} g6 {[%emt 0:00:14]} 8. Qe2 {[%emt 0:00:39]} d6 {[%emt 0:00:35]} 9. Nc3 {[%emt 0:04:34]} Nd7 {[%emt 0:00:43]} 10. O-O {[%emt 0:02:17]} Qc7 {[%emt 0:00:22]} 11. f4 {[%emt 0:03:00]} Ngf6 {[%emt 0:03:20]} 12. Bd2 {[%emt 0:00:31]} b5 {[%emt 0:10:16]} 13. a3 {[%emt 0:22:36]} Bb7 {[%emt 0:02:13]} 14. Rae1 {[%emt 0:00:46]} h5 {[%emt 0:14:46]} 15. h3 {[%emt 0:05:53]} h4 {[%emt 0:02:00]} 16. Qf2 {[%emt 0:00:11]} Nc5 {[%emt 0:08:47]} 17. e5 {[%emt 0:15:35]} Nh5 {[%emt 0:16:03]} 18. Nxc5 {[%emt 0:06:33]} dxc5 {[%emt 0:00:32]} 19. Ne4 {[%emt 0:02:35]} O-O-O {[%emt 0:09:09]} 20. Nd6+ {[%emt 0:00:08]} Bxd6 {[%emt 0:01:00]} 21. exd6 {[%emt 0:00:02]} Qxd6 {[%emt 0:03:05]} 22. Bc3 {[%emt 0:00:19]} Ng3 {[%emt 0:00:47]} 23. Bxh8 {[%emt 0:10:05]} Rxh8 {[%emt 0:02:57]} 24. Re5 {[%emt 0:00:14]} c4 {[%emt 0:02:26]} 25. Qa7 {[%emt 0:09:11]} Rh5 {[%emt 0:03:04]} 26. Rfe1 {[%emt 0:06:18]} cxd3 {[%emt 0:01:03]} 27. cxd3 {[%emt 0:01:06]} Qc6 {[%emt 0:01:25]} 28. Qf2 {[%emt 0:01:10]} Rxe5 {[%emt 0:02:28]} 29. fxe5 {[%emt 0:00:32]} Nf5 {[%emt 0:01:23]} 30. Re2 {[%emt 0:02:10]} Qd5 {[%emt 0:01:27]} 31. Kh2 {[%emt 0:03:21]} Qd4 {[%emt 0:00:41]} 32. Qxd4 {[%emt 0:01:13]} Nxd4 {[%emt 0:00:02]} 33. Rf2 {[%emt 0:00:04]} Nf5 {[%emt 0:00:24]} 34. Rc2+ {[%emt 0:00:01]} Kd7 {[%emt 0:00:50]} 35. Kg1 {[%emt 0:00:33]} Ne3 {[%emt 0:01:07]} 36. Rf2 {[%emt 0:00:51]} Ke7 {[%emt 0:00:30]} 37. d4 {[%emt 0:02:01]} g5 {[%emt 0:01:43]} 0-1

[Event "Teplice Open 2019"]
[Site "Teplice"]
[Date "2019.06.23"]
[Round "9.12"]
[White "Greenfeld, Alon"]
[Black "Pajeken, Jakob Leon"]
[Result "1-0"]
[WhiteElo "2513"]
[BlackElo "2359"]
[Annotator "ChessBase"]
[PlyCount "77"]
[EventDate "2019.06.15"]
[EventType "swiss"]
[EventCountry "CZE"]
[SourceTitle "playchess.com"]
[Source "ChessBase"]
[SourceQuality "1"]
[TimeControl "40/5400+30:1800+30"]

1. c4 {[%emt 0:00:36]} e6 {[%emt 0:00:00]} 2. Nc3 {[%emt 0:01:34]} d5 {[%emt 0:00:00]} 3. d4 {[%emt 0:00:16]} Nf6 {[%emt 0:00:00]} 4. cxd5 {[%emt 0:01:54]} Nxd5 {[%emt 0:00:05]} 5. e4 {[%emt 0:00:49]} Nxc3 {[%emt 0:00:07]} 6. bxc3 {[%emt 0:00:12]} c5 {[%emt 0:00:11]} 7. Nf3 {[%emt 0:02:44]} cxd4 {[%emt 0:00:19]} 8. cxd4 {[%emt 0:00:05]} Bb4+ {[%emt 0:00:09]} 9. Bd2 {[%emt 0:00:05]} Bxd2+ {[%emt 0:00:05]} 10. Qxd2 {[%emt 0:00:06]} O-O {[%emt 0:00:08]} 11. Bc4 {[%emt 0:01:20]} Nd7 {[%emt 0:00:10]} 12. O-O {[%emt 0:00:18]} b6 {[%emt 0:00:07]} 13. Rad1 {[%emt 0:00:34]} Bb7 {[%emt 0:00:08]} 14. Rfe1 {[%emt 0:00:16]} Rc8 {[%emt 0:00:08]} 15. Bb3 {[%emt 0:01:17]} Qf6 {[%emt 0:01:03]} 16. d5 {[%emt 0:04:30]} Nc5 {[%emt 0:00:35]} 17. Nd4 {[%emt 0:00:43]} e5 {[%emt 0:00:23]} 18. Nf5 {[%emt 0:02:05]} Rcd8 {[%emt 0:00:35]} 19. Bc2 {[%emt 0:16:01]} Bc8 {[%emt 0:00:42]} 20. Ne3 {[%emt 0:01:59]} Bd7 {[%emt 0:00:28]} 21. Qb4 {[%emt 0:12:02]} Rc8 {[%emt 0:08:00]} 22. Qa3 {[%emt 0:08:56]} a6 {[%emt 0:04:45]} 23. d6 {[%emt 0:05:39]} Rfd8 {[%emt 0:11:31]} 24. Qb4 {[%emt 0:08:17]} Rc6 {[%emt 0:04:09]} 25. f4 {[%emt 0:06:55]} exf4 {[%emt 0:05:59]} 26. e5 {[%emt 0:06:05]} Qg5 {[%emt 0:07:38]} 27. Nd5 {[%emt 0:00:11]} Ne6 {[%emt 0:00:37]} 28. Ne7+ {[%emt 0:01:21]} Kf8 {[%emt 0:00:56]} 29. Nxc6 {[%emt 0:01:44]} Bxc6 {[%emt 0:00:35]} 30. Be4 {[%emt 0:00:46]} f3 {[%emt 0:10:27]} 31. g3 {[%emt 0:00:23]} Qg4 {[%emt 0:03:27]} 32. d7+ {[%emt 0:00:39]} Nc5 {[%emt 0:00:12]} 33. Qxb6 {[%emt 0:00:34]} f2+ {[%emt 0:01:26]} 34. Kxf2 {[%emt 0:00:13]} Nxe4+ {[%emt 0:00:30]} 35. Rxe4 {[%emt 0:00:38]} Qf5+ {[%emt 0:00:46]} 36. Kg1 {[%emt 0:00:40]} Rxd7 {[%emt 0:02:08]} 37. Rxd7 {[%emt 0:00:39]} Bxd7 {[%emt 0:03:13]} 38. e6 {[%emt 0:02:36]} Qxe4 {[%emt 0:01:44]} 39. Qd6+ {[%emt 0:00:09]} 1-0

[Event "Teplice Open 2019"]
[Site "Teplice"]
[Date "2019.06.23"]
[Round "9.13"]
[White "Kostolansky, Sebastian Lukas"]
[Black "Loiseau, Quentin"]
[Result "1/2-1/2"]
[WhiteElo "2379"]
[BlackElo "2471"]
[Annotator "RC"]
[PlyCount "34"]
[EventDate "2019.06.15"]
[EventType "swiss"]
[EventCountry "CZE"]
[SourceTitle "playchess.com"]
[Source "ChessBase"]
[SourceQuality "1"]
[TimeControl "40/5400+30:1800+30"]

1. e4 {[%emt 0:00:00]} c5 {[%emt 0:02:50]} 2. Nf3 {[%emt 0:00:00]} d6 {[%emt 0:01:31]} 3. c3 {[%emt 0:00:39]} Nf6 {[%emt 0:00:28]} 4. h3 {[%emt 0:00:21]} Nc6 {[%emt 0:00:43]} 5. Bd3 {[%emt 0:00:25]} d5 6. exd5 {[%emt 0:00:49]} Qxd5 {[%emt 0:01:30]} 7. Qe2 {[%emt 0:00:10]} e6 {[%emt 0:04:19]} 8. O-O {[%emt 0:01:54]} Be7 {[%emt 0:01:01]} 9. Bc4 {[%emt 0:02:16]} Qd6 {[%emt 0:04:02]} 10. d4 {[%emt 0:14:52]} cxd4 {[%emt 0:01:01]} 11. Rd1 {[%emt 0:01:48]} a6 {[%emt 0:03:14]} 12. cxd4 {[%emt 0:09:44]} O-O {[%emt 0:04:05]} 13. Nc3 {[%emt 0:00:28]} b5 {[%emt 0:01:14]} 14. Bd3 {[%emt 0:16:57]} Bb7 {[%emt 0:01:38]} 15. Bg5 {[%emt 0:06:27]} Nb4 {[%emt 0:03:28]} 16. Bxf6 {[%emt 0:18:47]} Qd8 {[%emt 0:20:15]} 17. Be4 {[%emt 0:00:18]} Bxf6 {[%emt 0:01:22]} 1/2-1/2

[Event "Teplice Open 2019"]
[Site "Teplice"]
[Date "2019.06.23"]
[Round "9.14"]
[White "Song, Raymond"]
[Black "Mazur, Stefan"]
[Result "1/2-1/2"]
[WhiteElo "2450"]
[BlackElo "2426"]
[Annotator "ChessBase"]
[PlyCount "68"]
[EventDate "2019.06.15"]
[EventType "swiss"]
[EventCountry "CZE"]
[SourceTitle "playchess.com"]
[Source "ChessBase"]
[SourceQuality "1"]
[TimeControl "40/5400+30:1800+30"]

1. e4 {[%emt 0:00:00]} e5 {[%emt 0:00:00]} 2. Nf3 {[%emt 0:00:00]} Nc6 {[%emt 0:00:00]} 3. Bc4 {[%emt 0:00:00]} Nf6 {[%emt 0:00:17]} 4. d3 {[%emt 0:00:01]} Be7 {[%emt 0:01:09]} 5. O-O {[%emt 0:00:40]} O-O {[%emt 0:00:06]} 6. Re1 {[%emt 0:00:02]} d6 {[%emt 0:00:08]} 7. a4 {[%emt 0:00:05]} Kh8 {[%emt 0:00:54]} 8. h3 {[%emt 0:00:06]} Ng8 {[%emt 0:00:05]} 9. Nc3 {[%emt 0:00:25]} f5 {[%emt 0:00:10]} 10. Nd5 {[%emt 0:00:04]} Bf6 {[%emt 0:00:59]} 11. a5 {[%emt 0:00:04]} a6 {[%emt 0:00:16]} 12. c3 {[%emt 0:00:09]} fxe4 {[%emt 0:01:03]} 13. dxe4 {[%emt 0:00:04]} Nce7 {[%emt 0:00:08]} 14. Bd3 {[%emt 0:01:30]} Be6 {[%emt 0:07:23]} 15. c4 {[%emt 0:00:11]} c5 {[%emt 0:03:14]} 16. Ng5 {[%emt 0:04:32]} Bxg5 {[%emt 0:02:44]} 17. Bxg5 {[%emt 0:00:12]} Bxd5 {[%emt 0:00:13]} 18. exd5 {[%emt 0:00:08]} Qd7 {[%emt 0:03:42]} 19. b4 {[%emt 0:08:23]} cxb4 {[%emt 0:02:15]} 20. Qa4 {[%emt 0:00:23]} Qc7 {[%emt 0:01:34]} 21. Qxb4 {[%emt 0:00:48]} Nf5 {[%emt 0:05:08]} 22. Rab1 {[%emt 0:04:24]} Rf7 {[%emt 0:03:46]} 23. Qb6 {[%emt 0:00:32]} Qd7 {[%emt 0:01:40]} 24. c5 {[%emt 0:00:05]} h6 {[%emt 0:15:58]} 25. c6 {[%emt 0:05:12]} bxc6 {[%emt 0:00:17]} 26. dxc6 {[%emt 0:00:06]} Qe6 {[%emt 0:01:36]} 27. Bd2 {[%emt 0:00:55]} Raf8 {[%emt 0:30:38]} 28. c7 {[%emt 0:09:46]} Nh4 {[%emt 0:04:09]} 29. Rb2 {[%emt 0:14:23]} Nxg2 {[%emt 0:02:31]} 30. Kxg2 {[%emt 0:02:39]} Rf3 {[%emt 0:00:15]} 31. Bf1 {[%emt 0:03:41]} Qxh3+ {[%emt 0:05:19]} 32. Kg1 {[%emt 0:00:01]} Rg3+ {[%emt 0:00:18]} 33. fxg3 {[%emt 0:00:55]} Rxf1+ {[%emt 0:00:08]} 34. Rxf1 {[%emt 0:00:04]} Qxg3+ {[%emt 0:00:09]} 1/2-1/2

[Event "Teplice Open 2019"]
[Site "Teplice"]
[Date "2019.06.23"]
[Round "9.15"]
[White "Janik, Igor"]
[Black "Rubes, Jan"]
[Result "1-0"]
[WhiteElo "2483"]
[BlackElo "2352"]
[Annotator "ChessBase"]
[PlyCount "79"]
[EventDate "2019.06.15"]
[EventType "swiss"]
[EventCountry "CZE"]
[SourceTitle "playchess.com"]
[Source "ChessBase"]
[SourceQuality "1"]
[TimeControl "40/5400+30:1800+30"]

1. d4 {[%emt 0:00:00]} Nf6 {[%emt 0:00:00]} 2. c4 {[%emt 0:00:00]} e6 {[%emt 0:00:00]} 3. Nf3 {[%emt 0:00:00]} c5 {[%emt 0:00:00]} 4. d5 {[%emt 0:00:00]} exd5 {[%emt 0:00:01]} 5. cxd5 {[%emt 0:00:00]} d6 {[%emt 0:00:07]} 6. Nc3 {[%emt 0:00:00]} g6 {[%emt 0:00:07]} 7. Bf4 {[%emt 0:00:00]} a6 {[%emt 0:00:11]} 8. a4 {[%emt 0:00:00]} Bg7 {[%emt 0:00:19]} 9. h3 {[%emt 0:00:03]} O-O {[%emt 0:00:06]} 10. e3 {[%emt 0:00:03]} Ne8 {[%emt 0:00:06]} 11. Nd2 {[%emt 0:00:29]} Nd7 {[%emt 0:00:10]} 12. Be2 {[%emt 0:00:14]} f5 {[%emt 0:00:36]} 13. O-O {[%emt 0:01:45]} g5 {[%emt 0:01:56]} 14. Bh2 {[%emt 0:00:03]} f4 {[%emt 0:00:04]} 15. exf4 {[%emt 0:04:36]} gxf4 {[%emt 0:00:07]} 16. a5 {[%emt 0:00:30]} Ne5 {[%emt 0:02:42]} 17. Nf3 {[%emt 0:00:58]} Nxf3+ {[%emt 0:05:57]} 18. Bxf3 {[%emt 0:00:27]} Qg5 {[%emt 0:01:00]} 19. Kh1 {[%emt 0:02:54]} Be5 {[%emt 0:04:30]} 20. Qd2 {[%emt 0:02:28]} Ng7 {[%emt 0:02:05]} 21. b4 {[%emt 0:07:52]} cxb4 {[%emt 0:01:10]} 22. Ne4 {[%emt 0:00:06]} Qh6 {[%emt 0:09:47]} 23. Rab1 {[%emt 0:01:59]} Nf5 {[%emt 0:02:08]} 24. Bg4 {[%emt 0:03:49]} Nh4 {[%emt 0:03:56]} 25. f3 {[%emt 0:00:14]} Nf5 {[%emt 0:04:26]} 26. Bxf5 {[%emt 0:04:32]} Bxf5 {[%emt 0:01:55]} 27. Rxb4 {[%emt 0:02:01]} Rac8 {[%emt 0:17:53]} 28. Rxb7 {[%emt 0:03:03]} Bxe4 {[%emt 0:02:45]} 29. fxe4 {[%emt 0:00:09]} Qg6 {[%emt 0:00:59]} 30. Qe2 {[%emt 0:02:13]} Rc3 {[%emt 0:00:15]} 31. Bg1 {[%emt 0:05:25]} Rfc8 {[%emt 0:02:03]} 32. Ra7 {[%emt 0:03:53]} h5 {[%emt 0:01:23]} 33. Rb1 {[%emt 0:03:33]} f3 {[%emt 0:09:00]} 34. gxf3 {[%emt 0:01:30]} Rc1 {[%emt 0:00:05]} 35. Rxc1 {[%emt 0:01:08]} Rxc1 {[%emt 0:00:05]} 36. Ra8+ {[%emt 0:00:07]} Kh7 {[%emt 0:05:54]} 37. Qf2 {[%emt 0:09:46]} Rd1 {[%emt 0:09:15]} 38. Ra7+ {[%emt 0:06:26]} Kh6 {[%emt 0:02:59]} 39. Re7 {[%emt 0:01:27]} Bd4 {[%emt 0:01:47]} 40. Qxd4 {[%emt 0:00:27]} 1-0

[Event "Teplice Open 2019"]
[Site "Teplice"]
[Date "2019.06.23"]
[Round "9.16"]
[White "Leisch, Lukas"]
[Black "Gumularz, Szymon"]
[Result "0-1"]
[WhiteElo "2341"]
[BlackElo "2495"]
[Annotator "TA"]
[PlyCount "70"]
[EventDate "2019.06.15"]
[EventType "swiss"]
[EventCountry "CZE"]
[SourceTitle "playchess.com"]
[Source "ChessBase"]
[SourceQuality "1"]

{[%evp 11,70,16,11,0,17,14,18,3,14,0,0,0,6,0,5,6,15,-1,0,-13,0,-22,-2,-23,0,-97,-107,-100,-96,-121,-65,-67,-24,-42,-20,-17,0,-33,-37,-39,-16,-52,-10,-127,-127,-141,-121,-197,-122,-181,-201,-231,-208,-513,-509,-581,-582,-567,-551,-1806,-1685]} 1. c4 Nf6 2. Nc3 e5 3. Nf3 Nc6 4. e3 Bb4 5. Qc2 Bxc3 6. Qxc3 Qe7 7. d4 {A28: English Opening: Four Knights Variation} exd4 8. Nxd4 O-O (8... Nxd4 9. Qxd4 c5 10. Qh4 d5 11. f3 O-O 12. cxd5 Nxd5 13. Qxe7 Nxe7 14. Bc4 Nc6 {½-½ (46) Mamedyarov,S (2781)-Wojtaszek,R (2724) Moscow 2019}) 9. Be2 {The position is equal.} Ne4 10. Qd3 Qb4+ 11. Kf1 Qe7 12. f3 Nc5 13. Qc3 d6 14. b3 {[#]} Bd7 $146 ({Predecessor:} 14... Re8 15. Nxc6 bxc6 {½-½ (41) Simantsev,M (2477)-Karpatchev,A (2501) Lueneburg 2017}) 15. Bb2 {Threatens to win with Nxc6.} f5 16. Kf2 Rae8 17. Rhe1 Rf6 18. Nc2 (18. Kg1 $11) 18... Rh6 19. Rh1 Ne5 20. Rag1 {[#]} Rg6 ({Black should play} 20... f4 $1 $17 {[%mdl 512]} 21. e4 (21. exf4 Ng4+) 21... Qh4+ 22. Kf1 b6) 21. Ke1 $15 f4 {Strongly threatening ...fxe3.} 22. e4 $1 a6 {[%cal Ba7a6,Ba6a5][%mdl 32]} 23. Kd1 b5 $36 {[%mdl 2048] Black is more active.} 24. Kc1 bxc4 25. Bxc4+ Kh8 26. Nb4 Rb8 {White must now prevent ...Rxb4!} 27. Kc2 (27. Kb1 $11) 27... a5 $17 28. Nd5 {[#]} Qf8 $1 {aiming for ...c6.} 29. g3 ({Don't go for} 29. Nxc7 $2 Nxc4 30. Qxc4 Rc8 $19) (29. Qd2 $17 Nxc4 30. bxc4) 29... fxg3 (29... Nxc4 $19 30. Qxc4 Be6) 30. Rxg3 (30. hxg3 $17 a4 31. Nf4 axb3+ 32. axb3) 30... c6 $19 31. Rxg6 hxg6 32. Qe1 $2 (32. Nc7 {is tougher.} Nxc4 33. Qxc4) 32... cxd5 {Black is clearly winning.} 33. Qh4+ Kg8 34. Bxd5+ Be6 35. f4 {If White can now play Bxe6+ this consolidates a bit.} Bxd5 {Accuracy: White = 21%, Black = 51%.} 0-1